00723nam a2200241 a 4500001001300000003000900013005001700022008004100039020002300080082001600103100001900119245003900138260003800177300000900215500003500224505002300259650001600282700001900298902000800317942000700325952013200332999001700464nice12345678IN_TiNIC20260116014526.0100924s2009 dela grp 000 0 eng  a9788184551860c65000a305.8bDEV2 aDevi, K Ranjna aSocial Workb Education and Action aDelhi bOmega Publications c2009 a278p aincludes index and biblioraphy2 aBibliography,Index aSocial Work1 aDevi, K Ranjna bSRC cBK 001040708StackRoom-aHMIbHMId2013-08-23g650.00l1m1o305.8 DEV2p023339r2015-11-20s2015-08-07v650.00w2010-09-24yBK c15779d15779